LEADER 02953nam 2200469 450 001 9910476781603321 005 20230515104541.0 035 $a(CKB)5470000000566696 035 $a(NjHacI)995470000000566696 035 $a(EXLCZ)995470000000566696 100 $a20230515d2017 uy 0 101 0 $aeng 135 $aur||||||||||| 181 $ctxt$2rdacontent 182 $cc$2rdamedia 183 $acr$2rdacarrier 200 00$aOpen $ethe philosophy and practices that are revolutionizing education and science /$fedited by Rajiv Jhangiani, Robert Biswas-Diener 210 1$aLondon :$cUbiquity Press,$d[2017] 210 4$d©2017 215 $a1 online resource (viii, 294 pages) $cillustrations 300 $aIncludes index. 311 $a1-911529-03-X 327 $aIntroduction to Open -- A Brief History of Open Educational Resources -- Open Licensing and Open Education Licensing Policy -- Openness and the Transformation of Education and Schooling -- What Can OER Do for Me? Evaluating the Claims for OER -- Are OE Resources High Quality? -- Opening Science -- Open Course Development at the OERu -- From OER to Open Pedagogy: Harnessing the Power of Open -- Opening Up Higher Education with Screencasts -- Librarians in the Pursuit of Open Practices -- A Library Viewpoint: Exploring Open Educational Practices -- How to Open an Academic Department -- The International Journal of Wellbeing: An Open Access Success Story -- Iterating Toward Openness: Lessons Learned on a Personal Journey -- Open-Source for Educational Materials Making Textbooks Cheaper and Better -- Free is Not Enough -- The BC Open Textbook Project -- TeachPsychScience.org: Sharing to Improve the Teaching of Research Methods -- DIY Open Pedagogy: Freely Sharing Teaching Resources in Psychology -- You Can't Sell Free, and Other OER Problems -- Open as Default: The Future of Education and Scholarship. 330 $a"Affordable education. Transparent science. Accessible scholarship. These ideals are slowly becoming a reality thanks to the open education, open science, and open access movements. Running separate--if parallel--courses, they all share a philosophy of equity, progress, and justice. This book shares the stories, motives, insights, and practical tips from global leaders in the open movement."--Provided by publisher. 517 $aOpen 606 $aOpen learning 606 $aOpen access publishing 606 $aDistance education$xComputer-assisted instruction 606 $aInternet in higher education 615 0$aOpen learning. 615 0$aOpen access publishing. 615 0$aDistance education$xComputer-assisted instruction. 615 0$aInternet in higher education. 676 $a374.4 702 $aJhangiani$b Rajiv 702 $aBiswas-Diener$b Robert 801 0$bNjHacI 801 1$bNjHacl 906 $aBOOK 912 $a9910476781603321 996 $aOpen$91495328 997 $aUNINA LEADER 02604nam 22005413a 450 001 9910149667503321 005 20250203235647.0 010 $a9783943423099 024 7 $a10.15460/HUP.MFW.15.144 035 $a(CKB)3790000000064240 035 $a(OAPEN)1002425 035 $a(ScCtBLL)dd3b9084-a7c2-43f0-bdd2-33b9187069e6 035 $a(OCoLC)1163808123 035 $a(oapen)doab29422 035 $a(EXLCZ)993790000000064240 100 $a20250203i20142020 uu 101 0 $ager 135 $auuuuu---auuuu 181 $ctxt$2rdacontent 182 $cc$2rdamedia 183 $acr$2rdacarrier 200 00$aHeinrich Freiherr von Ohlendorff. Ein Hamburger Kaufmann im Spiegel der Tagebücher seiner Ehefrau Elisabeth$fHans Joachim Schröder$hVolume 15.0 210 $aHamburg$cHamburg University Press$d2014 210 1$aHamburg :$cHamburg University Press,$d2014. 215 $a1 online resource (1 p.) 225 1 $aMäzene für Wissenschaft 311 08$a9783943423099 311 08$a3943423093 330 $aHeinrich von Ohlendorff became one of Hamburg's richest merchants by trading with Peru-Guano. Together with his wife Elisabeth he founded a family of twelve. In 1880, Elisabeth began to write her diary. Until her death she filled 45 obese notebooks with astonishing regularity. The approximately 20,000 pages provide exciting insights into the life of an up-and-coming family that is firmly integrated into the society of Hamburg's upper middle classes. The pages make it possible to portray Heinrich von Ohlendorff in the mirror of his wife's diaries. At the same time, it is possible to draw a fascinating panoramic picture of the "fine" Hamburg society at the beginning of the 20th century. This is the first biography of this merchant from Hamburg who was one of the donors of the Hamburg Scientific Foundation.Translated with www.DeepL.com/Translator 606 $aHistory$2bicssc 610 $a20th century 610 $adiary 610 $aDovenhof 610 $aElisabeth von Ohlendorff 610 $aFirma Ohlendorff & Co. 610 $aHamburg 19th century 610 $aHamburg Scientific Society 610 $aHeinrich von Ohlendorff 610 $aNorddeutsche Druckerei und Verlagsanstalt Berlin 610 $aOtto von Bismarck 615 7$aHistory 700 $aSchröder$b Hans Joachim$0967061 801 0$bScCtBLL 801 1$bScCtBLL 906 $aBOOK 912 $a9910149667503321 996 $aHeinrich Freiherr von Ohlendorff. Ein Hamburger Kaufmann im Spiegel der Tagebücher seiner Ehefrau Elisabeth$92252530 997 $aUNINA